[Event "11th EUR-ch"]
[Site "Rijeka CRO"]
[Date "2010.03.10"]
[Round "5"]
[White "Stefansson, Hannes"]
[Black "Rukavina, Josip"]
[Result "1-0"]
[WhiteElo "2574"]
[BlackElo "2409"]
[EventDate "2010.03.06"]
[PlyCount "53"]

1.d4 d6 2.Nf3 g6 3.g3 Bg7 4.Bg2 Nf6 5.c4 O-O 6.Nc3 c6 7.O-O Bf5 8.Ne1 Qd7 
9.e4 Bh3 10.Bxh3 Qxh3 11.f3 Na6 12.Nd3 e5 13.d5 cxd5 14.cxd5 h5 15.Be3 Qd7
16.a4 Rfc8 17.Qd2 Ne8 18.b4 Nac7 19.b5 Nf6 20.Rab1 Re8 21.a5 Nh7 22.a6 b6 
23.Nb4 Nf6 24.Nc6 Rf8 25.Kh1 Qe8 26.Nxa7 Rxa7 27.Bxb6 1-0

[Event "11th EUR-ch"]
[Site "Rijeka CRO"]
[Date "2010.03.10"]
[Round "5"]
[White "Jankovic, Alojzije"]
[Black "Reutsky, Sergei"]
[Result "1-0"]
[WhiteElo "2569"]
[BlackElo "2404"]
[EventDate "2010.03.06"]
[PlyCount "49"]

1.d4 d5 2.Nf3 Nf6 3.c4 dxc4 4.e3 Bg4 5.Bxc4 e6 6.Nc3 Nbd7 7.O-O Bd6 8.h3 
Bh5 9.e4 e5 10.g4 Bg6 11.dxe5 Nxe5 12.Nxe5 Bxe5 13.f4 Qd4+ 14.Qxd4 Bxd4+ 
15.Kh2 Bxc3 16.bxc3 Bxe4 17.g5 Bd5 18.Re1+ Kd7 19.Bd3 Ne8 20.c4 Bc6 21.
Bf5+ Kd8 22.Bb2 Ba4 23.c5 c6 24.Re4 b5 25.Rae1 1-0

[Event "11th EUR-ch"]
[Site "Rijeka CRO"]
[Date "2010.03.10"]
[Round "5"]
[White "Sanikidze, Tornike"]
[Black "Nedilko, Vasyl"]
[Result "1-0"]
[WhiteElo "2566"]
[BlackElo "2400"]
[EventDate "2010.03.06"]
[PlyCount "85"]

1.d4 Nf6 2.c4 g6 3.Nc3 d5 4.Bf4 Bg7 5.e3 O-O 6.Nf3 c5 7.dxc5 Ne4 8.Rc1 
Nxc3 9.bxc3 dxc4 10.Qxd8 Rxd8 11.Bxc4 Nd7 12.Rd1 Rf8 13.Bg5 Bxc3+ 14.Ke2 
Bf6 15.Bxf6 Nxf6 16.Ne5 Bf5 17.f3 Rac8 18.Rc1 Kg7 19.e4 Bd7 20.Rhd1 Ba4 
21.Bb3 Bb5+ 22.Ke3 Rc7 23.a4 Bd7 24.g4 g5 25.Rd2 e6 26.h4 h6 27.f4 Bc6 28.
fxg5 hxg5 29.Nxc6 bxc6 30.hxg5 Nh7 31.g6 Kxg6 32.e5 Rb8 33.Bc2+ Kg7 34.Be4
Nf8 35.Rd6 Ng6 36.Rxc6 Rxc6 37.Bxc6 Nxe5 38.Bb5 Nxg4+ 39.Kf4 Nf6 40.Ke5 
Nd5 41.c6 Nc7 42.Kd6 Ne8+ 43.Ke7 1-0

[Event "11th EUR-ch"]
[Site "Rijeka CRO"]
[Date "2010.03.10"]
[Round "5"]
[White "Barle, Janez"]
[Black "Babula, Vlastimil"]
[Result "1/2-1/2"]
[WhiteElo "2415"]
[BlackElo "2554"]
[EventDate "2010.03.06"]
[PlyCount "48"]

1.e4 c5 2.Ne2 Nf6 3.Nbc3 Nc6 4.g3 d5 5.exd5 Nd4 6.Bg2 Bg4 7.h3 Bf3 8.Bxf3 
Nxf3+ 9.Kf1 Nd4 10.Kg2 Nxd5 11.Nxd4 cxd4 12.Nxd5 Qxd5+ 13.Qf3 Qxf3+ 14.
Kxf3 Rc8 15.c3 g6 16.b3 dxc3 17.dxc3 Rxc3+ 18.Be3 Bg7 19.Rac1 Kd7 20.Rhd1+
Ke6 21.Rxc3 Bxc3 22.Rc1 Be5 23.Bxa7 Ra8 24.Be3 Rxa2 1/2-1/2

[Event "11th EUR-ch"]
[Site "Rijeka CRO"]
[Date "2010.03.10"]
[Round "5"]
[White "Shimanov, Alexander"]
[Black "Kreisl, Robert"]
[Result "1-0"]
[WhiteElo "2553"]
[BlackElo "2389"]
[EventDate "2010.03.06"]
[PlyCount "63"]

1.c4 c6 2.d4 d5 3.Nf3 Nf6 4.e3 Bf5 5.Nc3 e6 6.Nh4 Be4 7.f3 Bg6 8.Qb3 b5 9.
c5 Bh5 10.a4 b4 11.Qxb4 a5 12.Qb7 Nbd7 13.Qxc6 Rc8 14.Qb5 Rb8 15.Qd3 Nxc5 
16.dxc5 Nd7 17.g3 g5 18.g4 gxh4 19.gxh5 Ne5 20.Qd1 h3 21.Bb5+ Rxb5 22.axb5
Qh4+ 23.Kd2 d4 24.exd4 Qf2+ 25.Qe2 Nxf3+ 26.Kd3 Qxd4+ 27.Kc2 Qg4 28.Qe4 
Qg2+ 29.Kb3 Bg7 30.Qc6+ Ke7 31.Qd6+ Ke8 32.Rd1 1-0

[Event "11th EUR-ch"]
[Site "Rijeka CRO"]
[Date "2010.03.10"]
[Round "5"]
[White "Jakovljevic, Vlado"]
[Black "Solak, Dragan"]
[Result "0-1"]
[WhiteElo "2412"]
[BlackElo "2553"]
[EventDate "2010.03.06"]
[PlyCount "172"]

1.Nf3 c5 2.c4 Nc6 3.d4 cxd4 4.Nxd4 e5 5.Nc2 Bc5 6.Nc3 Nf6 7.Be3 d6 8.Bxc5 
dxc5 9.Qxd8+ Kxd8 10.O-O-O+ Ke7 11.Ne3 Be6 12.g3 Nd4 13.Bg2 Rab8 14.Ned5+ 
Bxd5 15.Bxd5 Rhd8 16.e3 Nf5 17.Bf3 Nd6 18.b3 b6 19.Rd2 Nde8 20.Rxd8 Rxd8 
21.Kc2 h5 22.h3 Nc7 23.a3 h4 24.g4 Nfe8 25.Rd1 Rxd1 26.Kxd1 Nd6 27.Kc2 g6 
28.Nd5+ Nxd5 29.Bxd5 e4 30.g5 f6 31.gxf6+ Kxf6 32.f4 exf3 33.Bxf3 Ke5 34.
Kd3 g5 35.Bc6 Nc8 36.Ke2 Ne7 37.Bd7 Kd6 38.Be8 Ng8 39.Kf3 Nf6 40.Bg6 Ke6 
41.Bd3 Nd7 42.Be2 Kf5 43.Bd3+ Ke6 44.Be2 Nf6 45.Bf1 Kf5 46.Bd3+ Ke5 47.Bg6
Kd6 48.Bf5 Kc6 49.Bd3 a6 50.Be2 Kd6 51.Bd3 Ke6 52.a4 Ke5 53.Bg6 Ke6 54.Bd3
Nd7 55.Be2 a5 56.Ke4 Nf6+ 57.Kf3 Nd7 58.Ke4 Nf6+ 59.Kf3 Kf5 60.Bd3+ Ke5 
61.Bg6 Ng8 62.Bd3 Nh6 63.Bg6 Kf6 64.Bd3 g4+ 65.hxg4 Kg5 66.Bf1 Nxg4 67.Bh3
Nf6 68.e4 Nh5 69.e5 Nf4 70.e6 Ng6 71.Ke4 Kf6 72.Kd5 Ke7 73.Kc6 Nf4 74.Bg4 
Nxe6 75.Kxb6 Kd6 76.Kxa5 Nd4 77.Kb6 Nxb3 78.a5 Nd2 79.a6 Nxc4+ 80.Kb7 Na5+
81.Kb6 Nc6 82.Bf3 Na7 83.Kxa7 Kc7 84.Bd5 h3 85.Ka8 h2 86.a7 c4 0-1

[Event "11th EUR-ch"]
[Site "Rijeka CRO"]
[Date "2010.03.10"]
[Round "5"]
[White "Mihok, Oliver"]
[Black "Cvitan, Ognjen"]
[Result "1/2-1/2"]
[WhiteElo "2403"]
[BlackElo "2550"]
[EventDate "2010.03.06"]
[PlyCount "101"]

1.e4 c6 2.d4 d5 3.e5 Bf5 4.Nf3 e6 5.Be2 Nd7 6.O-O h6 7.b3 Bb4 8.a3 Ba5 9.
c4 Ne7 10.Bd2 O-O 11.Nc3 f6 12.exf6 Rxf6 13.Re1 Ng6 14.Rc1 Bc7 15.Be3 Bd6 
16.b4 Nf4 17.Nh4 Bh7 18.Bf1 g5 19.Nf3 Qf8 20.g3 Ng6 21.Bg2 Re8 22.Na4 Re7 
23.Nc5 Nb6 24.Nd2 Nf4 25.Bf1 Bg6 26.Nxb7 Rxb7 27.c5 Nd3 28.Bxd3 Bxd3 29.
cxd6 Qxd6 30.Rc3 Bb5 31.Qg4 Rg7 32.Nf3 Nd7 33.Bd2 Rf5 34.Ne5 Nxe5 35.Rxe5 
Rxe5 36.dxe5 Qxe5 37.Re3 Qf5 38.Qxf5 exf5 39.Bc3 Rd7 40.Bd4 Kf7 41.f4 a6 
42.Kf2 Rd6 43.Bc5 Rd7 44.Bd4 gxf4 45.gxf4 Rd6 46.Bc5 Rd8 47.Bd4 Rg8 48.Rg3
Re8 49.Be5 Rg8 50.Rxg8 Kxg8 51.Bd4 1/2-1/2

[Event "11th EUR-ch"]
[Site "Rijeka CRO"]
[Date "2010.03.10"]
[Round "5"]
[White "Drazic, Sinisa"]
[Black "Mazi, Leon"]
[Result "1-0"]
[WhiteElo "2545"]
[BlackElo "2375"]
[EventDate "2010.03.06"]
[PlyCount "67"]

1.d4 d6 2.Bg5 Nd7 3.c4 Ngf6 4.Nc3 e5 5.e3 Be7 6.Nf3 c6 7.Qc2 O-O 8.O-O-O 
Qa5 9.Bd3 Re8 10.h3 Nf8 11.g4 a6 12.Kb1 Be6 13.dxe5 dxe5 14.Bxf6 Bxf6 15.
Ne4 Be7 16.Neg5 g6 17.Nxe6 Nxe6 18.h4 Bf6 19.h5 Nf8 20.Nd2 Rad8 21.Ne4 Bg7
22.c5 b5 23.cxb6 Qxb6 24.h6 Bh8 25.Bc4 Rb8 26.Rd6 Rec8 27.Rhd1 Rb7 28.R1d3
a5 29.Rb3 Qa7 30.Rxb7 Qxb7 31.a3 Qe7 32.Qd1 Qh4 33.Qf3 Rc7 34.g5 1-0

[Event "11th EUR-ch"]
[Site "Rijeka CRO"]
[Date "2010.03.10"]
[Round "5"]
[White "Firat, Burak"]
[Black "Jovanic, Ognjen"]
[Result "1/2-1/2"]
[WhiteElo "2398"]
[BlackElo "2538"]
[EventDate "2010.03.06"]
[PlyCount "70"]

1.e4 e5 2.Nf3 Nc6 3.Bb5 a6 4.Ba4 Nf6 5.O-O Be7 6.Re1 b5 7.Bb3 d6 8.c3 O-O 
9.d4 Bg4 10.Be3 exd4 11.cxd4 Na5 12.Bc2 c5 13.dxc5 dxc5 14.Nc3 Nc4 15.e5 
Qxd1 16.Raxd1 Nxe3 17.Rxe3 Nd7 18.e6 Nf6 19.exf7+ Rxf7 20.Ne4 Bxf3 21.Rxf3
Nxe4 22.Bxe4 Rxf3 23.Bxa8 Rf4 24.b3 Kf8 25.g3 Rb4 26.Bd5 a5 27.a3 Rd4 28.
Rxd4 cxd4 29.a4 bxa4 30.bxa4 d3 31.Kf1 Bb4 32.Be4 d2 33.Ke2 h6 34.h4 Kf7 
35.h5 Kf6 1/2-1/2

[Event "11th EUR-ch"]
[Site "Rijeka CRO"]
[Date "2010.03.10"]
[Round "5"]
[White "San Segundo Carrillo, Pablo"]
[Black "Dragomirescu, Robin-Alexandru"]
[Result "1/2-1/2"]
[WhiteElo "2534"]
[BlackElo "2372"]
[EventDate "2010.03.06"]
[PlyCount "69"]

1.d4 Nf6 2.c4 g6 3.g3 Bg7 4.Bg2 O-O 5.Nc3 d6 6.Nf3 Nbd7 7.O-O e5 8.e4 c6 
9.Qc2 exd4 10.Nxd4 Rb8 11.Rd1 Re8 12.h3 c5 13.Nde2 Qe7 14.a4 b6 15.Bg5 h6 
16.Nd5 Qf8 17.Bf4 Nxd5 18.Rxd5 Ne5 19.Rad1 Be6 20.Rxd6 Bxc4 21.b3 Be6 22.
Nc3 b5 23.Nd5 bxa4 24.bxa4 Bxh3 25.Nf6+ Bxf6 26.Rxf6 Be6 27.Bxe5 Bb3 28.
Qc3 Rxe5 29.Qxe5 Bxd1 30.Ra6 Ra8 31.Rd6 Bxa4 32.Qd5 Kg7 33.Qxc5 Kh7 34.e5 
Rc8 35.Qd4 1/2-1/2

[Event "11th EUR-ch"]
[Site "Rijeka CRO"]
[Date "2010.03.10"]
[Round "5"]
[White "Jacobsen, Bo"]
[Black "Papin, Vasily"]
[Result "0-1"]
[WhiteElo "2375"]
[BlackElo "2532"]
[EventDate "2010.03.06"]
[PlyCount "58"]

1.g3 Nf6 2.Bg2 c5 3.c4 e6 4.e4 d6 5.Nc3 Be7 6.f4 Nc6 7.d3 a6 8.a4 Nd7 9.
Nge2 h5 10.Be3 g5 11.Qd2 gxf4 12.gxf4 Bh4+ 13.Ng3 Nd4 14.Bxd4 cxd4 15.Ne2 
Bf6 16.a5 h4 17.Nf1 e5 18.h3 Rg8 19.Rg1 exf4 20.Qxf4 Ne5 21.Ra3 Bg5 22.Qf2
Qxa5+ 23.Kd1 Qb4 24.Nxd4 Bd7 25.Kc2 Qc5 26.Nh2 Nc6 27.Nhf3 Bf6 28.Bf1 Rxg1
29.Qxg1 Nxd4+ 0-1

[Event "11th EUR-ch"]
[Site "Rijeka CRO"]
[Date "2010.03.10"]
[Round "5"]
[White "Pavlidis, Antonios"]
[Black "Narciso Dublan, Marc"]
[Result "0-1"]
[WhiteElo "2376"]
[BlackElo "2530"]
[EventDate "2010.03.06"]
[PlyCount "114"]

1.e4 Nf6 2.e5 Nd5 3.d4 d6 4.Nf3 dxe5 5.Nxe5 c6 6.Be2 Bf5 7.O-O Nd7 8.Nf3 
h6 9.a3 Qc7 10.c4 Nf4 11.Bxf4 Qxf4 12.Nc3 g5 13.d5 Bg7 14.g3 Qc7 15.Nd4 
Bg6 16.Bf3 Ne5 17.Be4 Bxe4 18.Nxe4 cxd5 19.Nb5 Qb6 20.Nec3 e6 21.cxd5 O-O 
22.dxe6 Rfd8 23.exf7+ Kf8 24.Qa4 a6 25.Qb4+ Kxf7 26.Qb3+ Kf8 27.Nd5 Qxb5 
28.Qxb5 axb5 29.Nc7 Nc4 30.Ne6+ Kf7 31.Nxd8+ Rxd8 32.f4 g4 33.Rfd1 Bd4+ 
34.Kh1 Nxb2 35.Rdc1 Nc4 36.Rab1 Nd6 37.Rc7+ Ke6 38.Rh7 Rh8 39.Rc7 Kd5 40.
Rd1 h5 41.Kg2 Nf5 42.Kh1 h4 43.Rf7 Nd6 44.Rd7 hxg3 45.Rxd4+ Kxd4 46.Rxd6+ 
Ke4 47.Rb6 Rxh2+ 48.Kg1 Rb2 49.Rd6 Rb3 50.Kg2 Rxa3 51.Rf6 b4 52.Rb6 Rb3 
53.Rf6 b5 54.Rf8 Rc3 55.f5 Kf4 56.Rd8 Rc2+ 57.Kg1 b3 0-1

[Event "11th EUR-ch"]
[Site "Rijeka CRO"]
[Date "2010.03.10"]
[Round "5"]
[White "Holzke, Frank"]
[Black "Slavin, Alexei"]
[Result "1/2-1/2"]
[WhiteElo "2526"]
[BlackElo "2368"]
[EventDate "2010.03.06"]
[PlyCount "114"]

1.d4 Nf6 2.Nf3 e6 3.c4 Bb4+ 4.Bd2 Qe7 5.g3 Nc6 6.Nc3 O-O 7.Bg2 Na5 8.b3 b6
9.Ne5 Bb7 10.Bxb7 Nxb7 11.O-O c5 12.e3 Rac8 13.Nd3 d5 14.dxc5 Bxc3 15.Bxc3
dxc4 16.bxc4 Nxc5 17.Nxc5 Qxc5 18.Bxf6 gxf6 19.Qg4+ Qg5 20.Qe4 Rc7 21.Rad1
Qe5 22.Qg4+ Qg5 23.Qe4 f5 24.Qd3 Rfc8 25.Qa3 Qe7 26.Rd3 Rd7 27.Qxe7 Rxe7 
28.Rc1 Rc5 29.a4 Rec7 30.Rd4 a6 31.Rb1 R7c6 32.Kg2 Rxc4 33.Rxb6 Rxd4 34.
Rb8+ Kg7 35.exd4 Rc4 36.d5 exd5 37.Rd8 Rc5 38.Kf3 Ra5 39.Rd6 Kf8 40.Ke3 
Ke7 41.Rh6 Rxa4 42.Rxh7 Re4+ 43.Kd3 f4 44.Rh6 fxg3 45.hxg3 f6 46.Rh7+ Ke6 
47.Rb7 Ra4 48.Rb6+ Kf5 49.f3 Ra3+ 50.Ke2 Ke5 51.f4+ Ke4 52.Rxf6 Ra2+ 53.
Kd1 Kd3 54.Ke1 a5 55.g4 Rg2 56.g5 Ke4 57.g6 a4 1/2-1/2

[Event "11th EUR-ch"]
[Site "Rijeka CRO"]
[Date "2010.03.10"]
[Round "5"]
[White "Wintzer, Joachim"]
[Black "Banusz, Tamas"]
[Result "0-1"]
[WhiteElo "2361"]
[BlackElo "2517"]
[EventDate "2010.03.06"]
[PlyCount "78"]

1.c4 e6 2.Nc3 d5 3.d4 c6 4.cxd5 exd5 5.Bf4 Nf6 6.e3 Bd6 7.Bxd6 Qxd6 8.Bd3 
O-O 9.Qc2 Bg4 10.h3 Bh5 11.Nge2 Bxe2 12.Qxe2 Nbd7 13.O-O Rfe8 14.Rab1 g6 
15.Qc2 Kg7 16.Rfc1 Nb6 17.Na4 Nxa4 18.Qxa4 h5 19.Qd1 h4 20.Rc3 a5 21.Qf3 
a4 22.Ra3 Qb4 23.Qd1 b6 24.Bc2 b5 25.Bd3 Re6 26.Qe2 Ng8 27.Rc3 Ne7 28.Rc5 
f5 29.Qd1 Rf8 30.a3 Qa5 31.Rbc1 f4 32.Qg4 Rff6 33.R5c3 fxe3 34.fxe3 Rxe3 
35.Qxh4 Qa7 36.Kh1 Qb8 37.Bb1 Re2 38.Re1 Qf4 39.g4 Qh2# 0-1

[Event "11th EUR-ch"]
[Site "Rijeka CRO"]
[Date "2010.03.10"]
[Round "5"]
[White "Janssen, Ruud"]
[Black "Valsecchi, Alessio"]
[Result "1-0"]
[WhiteElo "2516"]
[BlackElo "2360"]
[EventDate "2010.03.06"]
[PlyCount "59"]

1.c4 e6 2.Nc3 d5 3.d4 Nf6 4.cxd5 exd5 5.Bg5 c6 6.e3 Bf5 7.Qf3 Bg6 8.Bxf6 
gxf6 9.h4 Bb4 10.h5 Qa5 11.Rc1 Be4 12.Qxf6 Qxa2 13.Qxh8+ Kd7 14.Ba6 Nxa6 
15.Qxa8 Qxb2 16.Ne2 Bxg2 17.Qg8 Bxh1 18.Qxf7+ Kd6 19.Qf4+ Ke6 20.Qh6+ Kd7 
21.Qxh7+ Kd8 22.f3 Bxf3 23.Qg8+ Ke7 24.Qg7+ Ke8 25.Qe5+ Be7 26.Rb1 Qa3 27.
Rxb7 Kd8 28.Qh8+ Bf8 29.Qf6+ Be7 30.Qxf3 1-0

[Event "11th EUR-ch"]
[Site "Rijeka CRO"]
[Date "2010.03.10"]
[Round "5"]
[White "Grimberg, Boris"]
[Black "Gasanov, Eldar"]
[Result "1/2-1/2"]
[WhiteElo "2352"]
[BlackElo "2514"]
[EventDate "2010.03.06"]
[PlyCount "32"]

1.e4 c5 2.Nf3 d6 3.d4 cxd4 4.Nxd4 Nf6 5.Nc3 Nc6 6.Bc4 e6 7.Be3 Be7 8.Qe2 
O-O 9.O-O-O a6 10.Rhg1 Nxd4 11.Bxd4 b5 12.Bb3 Bb7 13.a3 Rc8 14.Kb1 Qc7 15.
f4 e5 16.Bf2 exf4 1/2-1/2

[Event "11th EUR-ch"]
[Site "Rijeka CRO"]
[Date "2010.03.10"]
[Round "5"]
[White "Onoprienko, Vladimir"]
[Black "Makarov, Marat"]
[Result "0-1"]
[WhiteElo "2346"]
[BlackElo "2510"]
[EventDate "2010.03.06"]
[PlyCount "70"]

1.e4 c5 2.Nc3 a6 3.Nf3 e6 4.d4 cxd4 5.Nxd4 Qc7 6.g3 Bb4 7.Ne2 Nf6 8.Bg2 
Be7 9.O-O O-O 10.h3 Nc6 11.f4 b5 12.e5 Ne8 13.Ne4 Bb7 14.Be3 d6 15.exd6 
Nxd6 16.Nxd6 Bxd6 17.Nc3 Rad8 18.Qe2 Na5 19.Ne4 Nc4 20.Nxd6 Bxg2 21.Kxg2 
Rxd6 22.c3 Qc6+ 23.Kh2 Qe4 24.Rae1 Nxe3 25.Qxe3 Qxe3 26.Rxe3 Rd2+ 27.Kg1 
Rxb2 28.Rf2 Rxf2 29.Kxf2 Rc8 30.Ke2 Rc4 31.Kd3 Kf8 32.Re2 Ke7 33.Ke3 h5 
34.g4 hxg4 35.hxg4 g5 0-1

[Event "11th EUR-ch"]
[Site "Rijeka CRO"]
[Date "2010.03.10"]
[Round "5"]
[White "Jurcik, Marian"]
[Black "Szamoskozi, Gabor"]
[Result "1/2-1/2"]
[WhiteElo "2510"]
[BlackElo "2347"]
[EventDate "2010.03.06"]
[PlyCount "136"]

1.e4 c5 2.Nf3 Nc6 3.d4 cxd4 4.Nxd4 Nf6 5.Nc3 e5 6.Ndb5 d6 7.Bg5 a6 8.Na3 
b5 9.Nd5 Be7 10.Bxf6 Bxf6 11.c4 b4 12.Nc2 a5 13.Be2 O-O 14.O-O g6 15.Bg4 
Bb7 16.Qd3 Bg7 17.Rad1 Ne7 18.Nxe7+ Qxe7 19.Bf3 Rfd8 20.Ne3 Rac8 21.Qe2 
Rc5 22.b3 Bc6 23.Rd3 Qb7 24.Rfd1 Bf8 25.Nd5 Bxd5 26.Rxd5 Rdc8 27.R5d3 Ra8 
28.Rd5 Rac8 29.Bg4 Rxd5 30.Rxd5 Rc5 31.Rd3 Qe7 32.g3 h5 33.Bh3 Qg5 34.Bd7 
Qd8 35.Bb5 Be7 36.Rf3 Kg7 37.h4 Qc8 38.Kg2 Qf8 39.Kh2 Bd8 40.Rd3 Qe7 41.
Qd2 Bc7 42.Qg5 Bd8 43.Qxe7 Bxe7 44.Kh3 Rc8 45.Ba6 Ra8 46.Bb7 Ra7 47.Bc6 
Rc7 48.Bd5 Ra7 49.Bc6 Rc7 50.Bb5 Kf8 51.f3 Kg7 52.Rd1 Rc8 53.Ba6 Ra8 54.
Bb7 Rb8 55.Bd5 Bd8 56.Bc6 Be7 57.c5 Rd8 58.cxd6 Rxd6 59.Bd5 Ra6 60.Rc1 Ra7
61.Rc6 Bd8 62.Rc8 Bb6 63.Bc6 Bf2 64.g4 Be3 65.Kg2 a4 66.bxa4 Rxa4 67.Kf1 
Bd4 68.Ke2 Ra3 1/2-1/2

[Event "11th EUR-ch"]
[Site "Rijeka CRO"]
[Date "2010.03.10"]
[Round "5"]
[White "Kozlitin, Roman"]
[Black "Djukic, Nikola"]
[Result "1/2-1/2"]
[WhiteElo "2344"]
[BlackElo "2509"]
[EventDate "2010.03.06"]
[PlyCount "141"]

1.e4 c5 2.c3 Nf6 3.e5 Nd5 4.d4 cxd4 5.Nf3 Nc6 6.cxd4 d6 7.Bc4 Nb6 8.Bb5 
dxe5 9.Nxe5 Bd7 10.Nxd7 Qxd7 11.O-O e6 12.Nc3 Be7 13.Qg4 O-O 14.Bxc6 bxc6 
15.Bh6 Bf6 16.Rfd1 Kh8 17.Ne4 Qe7 18.Bf4 Rad8 19.Rac1 Nd5 20.Nxf6 Nxf6 21.
Qf3 Nd5 22.Rxc6 Nxf4 23.Qxf4 e5 24.Qe3 Qb4 25.d5 Qxb2 26.Qb3 Qxb3 27.axb3 
Rd7 28.d6 Rfd8 29.f4 exf4 30.Kf2 g5 31.Kf3 f5 32.h4 h6 33.hxg5 hxg5 34.Rd5
Kh7 35.Rxf5 Rxd6 36.Rxd6 Rxd6 37.Rxg5 Rd3+ 38.Kxf4 Rxb3 39.Ra5 Kg6 40.Rxa7
Rb5 41.Kg3 Rb3+ 42.Kh4 Rb2 43.g4 Rb5 44.Ra6+ Kg7 45.Rd6 Ra5 46.Re6 Rb5 47.
Re7+ Kg6 48.Re8 Kg7 49.Kg3 Ra5 50.Re4 Rb5 51.Kf4 Kg6 52.Ra4 Rc5 53.Ra6+ 
Kg7 54.Kg3 Rc3+ 55.Kh4 Rc5 56.Ra7+ Kg6 57.Ra8 Kg7 58.Re8 Ra5 59.Re1 Kg6 
60.Rf1 Rb5 61.Rf8 Kg7 62.Rd8 Ra5 63.Rd1 Kg6 64.Rc1 Rb5 65.Rc6+ Kg7 66.Re6 
Ra5 67.Re3 Kg6 68.Rf3 Rb5 69.Rf8 Kg7 70.Re8 Ra5 71.Kg3 1/2-1/2

[Event "11th EUR-ch"]
[Site "Rijeka CRO"]
[Date "2010.03.10"]
[Round "5"]
[White "Erdogdu, Mert"]
[Black "Lorscheid, Gerhard"]
[Result "1-0"]
[WhiteElo "2502"]
[BlackElo "2328"]
[EventDate "2010.03.06"]
[PlyCount "65"]

1.e4 d6 2.d4 Nf6 3.Bd3 e5 4.c3 d5 5.dxe5 Nxe4 6.Nf3 Nc6 7.Nbd2 Bg4 8.Qe2 
Nxd2 9.Bxd2 Be7 10.h3 Bxf3 11.gxf3 Qd7 12.O-O-O O-O-O 13.f4 Qe6 14.Qg4 
Qxg4 15.hxg4 h6 16.Rde1 Bc5 17.f3 d4 18.Bc4 Rhf8 19.f5 dxc3 20.bxc3 Bf2 
21.Re4 Bg3 22.f4 Na5 23.Be2 Bf2 24.f6 gxf6 25.exf6 Rd6 26.Rxh6 Rfd8 27.Be3
Bxe3+ 28.Rxe3 Rd2 29.Rh8 Rxa2 30.Rxd8+ Kxd8 31.Kb1 Rd2 32.g5 Nc6 33.g6 1-0

[Event "11th EUR-ch"]
[Site "Rijeka CRO"]
[Date "2010.03.10"]
[Round "5"]
[White "Raznikov, Danny"]
[Black "Fercec, Nenad"]
[Result "0-1"]
[WhiteElo "2331"]
[BlackElo "2492"]
[EventDate "2010.03.06"]
[PlyCount "82"]

1.d4 Nf6 2.c4 g6 3.Nc3 d5 4.Qb3 dxc4 5.Qxc4 Bg7 6.e4 c6 7.Nf3 O-O 8.Be2 b5
9.Qb3 e5 10.dxe5 Ng4 11.O-O Nxe5 12.Nxe5 Bxe5 13.Be3 Qe7 14.Rad1 Be6 15.
Qc2 Nd7 16.Rd2 Bg7 17.Rfd1 Ne5 18.Rd6 Rfc8 19.Kh1 Ng4 20.Bxg4 Bxg4 21.f3 
Be5 22.R6d3 Qh4 23.Bg1 Be6 24.a3 a5 25.Ne2 Bc4 26.Rd7 a4 27.Nc1 Be6 28.
R7d2 c5 29.Rf1 Bf4 30.Rdd1 Bc4 31.Rfe1 Bg3 32.Re3 Qh6 33.Qc3 Rd8 34.Rde1 
Rd4 35.f4 Bxe1 36.Rxe1 Rd7 37.b3 axb3 38.Nxb3 Rxa3 39.Bxc5 Rxb3 40.Qe5 Rd8
41.Qf6 Rbd3 0-1

[Event "11th EUR-ch"]
[Site "Rijeka CRO"]
[Date "2010.03.10"]
[Round "5"]
[White "Pavlidis, Anastasios"]
[Black "Berescu, Alin-Mile"]
[Result "1-0"]
[WhiteElo "2338"]
[BlackElo "2486"]
[EventDate "2010.03.06"]
[PlyCount "75"]

1.d4 Nf6 2.c4 e6 3.Nf3 c5 4.d5 exd5 5.cxd5 d6 6.Nc3 g6 7.e4 a6 8.a4 Bg4 9.
Be2 Bg7 10.O-O Bxf3 11.Bxf3 Nbd7 12.Bf4 Qe7 13.Re1 O-O 14.Qd2 Rfe8 15.Rab1
Rac8 16.Bg3 h6 17.Bd1 g5 18.h4 g4 19.Bf4 h5 20.Bg5 Qf8 21.a5 Nh7 22.Ba4 
Rc7 23.Nd1 Nxg5 24.hxg5 Re5 25.f4 gxf3 26.gxf3 Qe7 27.f4 Rxe4 28.Nf2 Bd4 
29.Bc2 Re3 30.Kg2 Nf8 31.Ne4 Rxe1 32.Rxe1 Qd7 33.Ng3 Ng6 34.Bxg6 fxg6 35.
Re6 h4 36.Ne4 h3+ 37.Kh2 Kg7 38.Nxd6 1-0

[Event "11th EUR-ch"]
[Site "Rijeka CRO"]
[Date "2010.03.10"]
[Round "5"]
[White "Gallagher, Joseph"]
[Black "Bohnisch, Manfred"]
[Result "1-0"]
[WhiteElo "2486"]
[BlackElo "2316"]
[EventDate "2010.03.06"]
[PlyCount "113"]

1.e4 c6 2.d4 d5 3.Nc3 dxe4 4.Nxe4 Bf5 5.Ng3 Bg6 6.Nf3 Nd7 7.Bc4 e6 8.O-O 
Qc7 9.Re1 O-O-O 10.Qe2 Ngf6 11.c3 Nd5 12.Nh4 Bd6 13.Qf3 Rdf8 14.Bb3 Qd8 
15.Nxg6 hxg6 16.c4 Nc7 17.h3 f5 18.c5 Bxg3 19.Qxg3 Qf6 20.Bg5 Qxd4 21.Red1
f4 22.Rxd4 fxg3 23.fxg3 Nxc5 24.Bc2 e5 25.Rg4 Nd5 26.Bxg6 Nf6 27.Rc4 Ncd7 
28.Re1 Kc7 29.Rd1 Rd8 30.Rc3 a5 31.Rf3 c5 32.a4 Nb6 33.Rc1 Nbd7 34.g4 b6 
35.Re1 Kc6 36.Bd3 Rhf8 37.Bb5+ Kd6 38.Rd3+ Kc7 39.Bh4 e4 40.Rd2 Ne5 41.
Rxd8 Kxd8 42.Rxe4 Ng6 43.Bg5 Kc7 44.Re6 Rf7 45.Kh2 Nf8 46.Re2 Nd5 47.Re8 
Kd6 48.Bh4 Ne6 49.Bg3+ Ndf4 50.Bc4 Re7 51.Rb8 Kc6 52.h4 g5 53.hxg5 Ng6 54.
Bb5+ Kd5 55.Rxb6 Ne5 56.Bxe5 Kxe5 57.g6 1-0

[Event "11th EUR-ch"]
[Site "Rijeka CRO"]
[Date "2010.03.10"]
[Round "5"]
[White "Plenca, Julijan"]
[Black "Levin, Evgeny"]
[Result "0-1"]
[WhiteElo "2323"]
[BlackElo "2486"]
[EventDate "2010.03.06"]
[PlyCount "58"]

1.e4 c5 2.Nf3 d6 3.c3 Nf6 4.Be2 Bg4 5.O-O e6 6.d4 Nxe4 7.d5 Nd7 8.dxe6 
fxe6 9.Re1 Be7 10.Bd3 Nef6 11.h3 Bxf3 12.Qxf3 O-O 13.Rxe6 Ne5 14.Qd1 Nxd3 
15.Qxd3 Qd7 16.Re1 d5 17.Bg5 c4 18.Qd1 Bc5 19.Be3 Ne4 20.Bxc5 Nxc5 21.Qd4 
Nd3 22.Re2 Rf4 23.Qe3 Re4 24.Qd2 Rxe2 25.Qxe2 Re8 26.Qf3 Re1+ 27.Kh2 Qd6+ 
28.g3 Rf1 29.Kg2 Ne1+ 0-1

[Event "11th EUR-ch"]
[Site "Rijeka CRO"]
[Date "2010.03.10"]
[Round "5"]
[White "Nigalidze, Gaioz"]
[Black "Medancic, Rikard"]
[Result "1/2-1/2"]
[WhiteElo "2486"]
[BlackElo "2311"]
[EventDate "2010.03.06"]
[PlyCount "89"]

1.c4 e5 2.Nc3 Nc6 3.g3 f5 4.Bg2 Nf6 5.d3 Bc5 6.e3 d6 7.Nge2 a6 8.a3 O-O 9.
b4 Ba7 10.d4 Qe8 11.c5 Ne7 12.dxe5 dxe5 13.e4 c6 14.O-O Kh8 15.exf5 Bxf5 
16.Ra2 a5 17.Bg5 b6 18.Na4 b5 19.Nac3 Ned5 20.Bxf6 Nxf6 21.Rd2 axb4 22.
axb4 Rc8 23.Nc1 Bb8 24.Re1 Qf7 25.Qb3 Qg6 26.Rde2 Rfd8 27.Qa3 Nd5 28.Ne4 
h6 29.h3 Rd7 30.Kh2 Rcd8 31.h4 Nf6 32.Nb3 Nxe4 33.Bxe4 Bxe4 34.Rxe4 Qf7 
35.Kg2 Rd3 36.R4e3 e4 37.Qb2 Kh7 38.Qb1 Kh8 39.Qc2 Be5 40.R1e2 Bc3 41.Rxe4
Bxb4 42.Re8+ Rxe8 43.Rxe8+ Qxe8 44.Qxd3 Qe6 45.Qf3 1/2-1/2

[Event "11th EUR-ch"]
[Site "Rijeka CRO"]
[Date "2010.03.10"]
[Round "5"]
[White "Wittmann, Walter"]
[Black "Miron, Lucian-Costin"]
[Result "1/2-1/2"]
[WhiteElo "2302"]
[BlackElo "2482"]
[EventDate "2010.03.06"]
[PlyCount "82"]

1.e4 e5 2.Nf3 Nc6 3.Bb5 a6 4.Bxc6 dxc6 5.O-O f6 6.d4 Bg4 7.dxe5 Qxd1 8.
Rxd1 fxe5 9.Nbd2 O-O-O 10.Re1 Bd6 11.h3 Bh5 12.Nh4 Nf6 13.Nf5 Rd7 14.Nc4 
Kb8 15.Bd2 Bf7 16.Ncxd6 cxd6 17.Bc3 Ne8 18.f4 exf4 19.e5 dxe5 20.Bxe5+ Nc7
21.Bxf4 Bg6 22.Nd6 Rhd8 23.Ne4 Rd4 24.Bxc7+ Kxc7 25.Nc5 Bf5 26.g4 Rc4 27.
b4 Bc8 28.Re7+ Kb6 29.c3 a5 30.a3 Kb5 31.Re3 g6 32.Nb3 h5 33.a4+ Ka6 34.
Nxa5 Rf4 35.Rf1 Rxf1+ 36.Kxf1 hxg4 37.hxg4 Bxg4 38.Re7 Rd7 39.Re8 Bf3 40.
Nb3 Ka7 41.Nd4 Rg7 1/2-1/2

[Event "11th EUR-ch"]
[Site "Rijeka CRO"]
[Date "2010.03.10"]
[Round "5"]
[White "Baghdasarian, Vahe"]
[Black "Maiwald, Jens-Uwe"]
[Result "0-1"]
[WhiteElo "2284"]
[BlackElo "2474"]
[EventDate "2010.03.06"]
[PlyCount "68"]

1.e4 g6 2.d4 Bg7 3.Nc3 d6 4.Be3 c6 5.f4 Qb6 6.Qd2 Qxb2 7.Rb1 Qa3 8.Nf3 Nf6
9.Bd3 Nbd7 10.h3 Qa5 11.O-O Qc7 12.f5 gxf5 13.Nh4 Nb6 14.Bh6 Bxh6 15.Qxh6 
Be6 16.Nxf5 Bxf5 17.Rxf5 O-O-O 18.Ra5 Kb8 19.Qc1 Rhg8 20.Qa3 Rg3 21.Rxa7 
Rdg8 22.Kf1 Rxg2 23.Ne2 Nfd7 24.Ke1 f5 25.Rb4 fxe4 26.Bxe4 Rxe2+ 27.Kxe2 
d5 28.Bf3 Qh2+ 29.Kd3 Rg3 30.Qa5 Qg2 31.Ra8+ Kc7 32.Rf8 Nxf8 33.Qxb6+ Kd6 
34.Qd8+ Nd7 0-1

[Event "11th EUR-ch"]
[Site "Rijeka CRO"]
[Date "2010.03.10"]
[Round "5"]
[White "Djurovic, Goran"]
[Black "Shytaj, Luca"]
[Result "1-0"]
[WhiteElo "2276"]
[BlackElo "2472"]
[EventDate "2010.03.06"]
[PlyCount "81"]

1.c4 c5 2.Nf3 Nc6 3.e3 e5 4.d3 Nf6 5.Nbd2 Be7 6.b3 d5 7.cxd5 Nxd5 8.Bb2 
O-O 9.a3 Re8 10.Be2 Bf8 11.O-O b6 12.Rc1 Bb7 13.Re1 Rc8 14.Bf1 Qd7 15.Qc2 
g6 16.Qb1 Bg7 17.g3 Rcd8 18.Qa1 Qe7 19.Nc4 Nc7 20.d4 e4 21.Nfe5 Ne6 22.
dxc5 Nxe5 23.Bxe5 Bxe5 24.Nxe5 f6 25.Ng4 Kg7 26.c6 Bc8 27.h3 Ng5 28.Red1 
h5 29.Nh2 Nxh3+ 30.Bxh3 Bxh3 31.Rxd8 Rxd8 32.c7 Rc8 33.Qc3 Qxa3 34.Qc6 Qe7
35.Rc4 Qd7 36.Nf1 Qd1 37.Qxe4 Qxf1+ 38.Kh2 Bf5 39.Qe7+ Kg8 40.Rf4 Qd3 41.
Rd4 1-0